000 00348nam a22001577a 4500
003 BD-DhUIB
005 20251105170613.0
008 251105b |||||||| |||| 00| 0 eng d
040 _aBD-DhUIB
_cBD-DhUIB
050 _a339
082 _222
100 _aSamulson.
_91078
245 _aMicroeconomics/
_cSamulson.
526 _aBBA.
942 _2ddc
_cBK
999 _c654
_d654